000 00911nam a2200265Ia 4500
001 57436630
003 OCoLC
005 20160815164123.0
008 050117s2004 sp a j 000 1 spa d
020 _a9788484701804
040 _aTEF
_cTEF
_dJQJ
_dUtOrBLW
_dUtOrBLW
041 1 _aspa
_hfre
100 1 _aCorentin, Philippe.
240 1 0 _aAfrique de Zifomar.
_lSpanish.
245 1 3 _aEl Africa de Zigomar /
_cPhilippe Corentin ; [traducción al español, Anna Coll-Vinent.
250 _a1a. ed.
260 _aBarcelona :
_bCorimbo,
_cc2004.
300 _a1 v. (unpaged) :
_bcol. ill. ;
_c31 cm.
520 _aPipioli the mouse asks his friend Zigomar the blackbird to fly him to Africa, but the trip does not go as planned.
650 0 _aMice
_vJuvenile fiction.
650 7 _aRatones
_vNovela juvenil.
_2bidex.
655 0 _aSpanish language materials.
700 1 _aColl-Vinent, Ana.
942 _cBK
_2ddc
999 _c16140
_d16140